| 000 | nam a22 7a 4500 | ||
|---|---|---|---|
| 999 |
_c10347 _d10347 |
||
| 008 | 180913b xxu||||| |||| 00| 0 eng d | ||
| 022 |
_aCONS2302 _bAssociate Degree _cArchitectural and Construction Technology _d2 |
||
| 245 |
_aAdvanced Construction Technology Examination Paper December 2012 _cCCCJ |
||
| 260 |
_aKingston, Jamaica _bCCCJ _c2012 |
||
| 942 | _cPP | ||